Fine Arts - Visual Fine Arts | 0 | 7 | 0 | 2 | 70 | 78 | 119.14 | 1 | 7 |
Literature - European Literature | 1 | 5 | 1 | 0 | 60 | 26 | 111.17 | 2 | 6 |
World and Other Literature | 1 | 4 | 0 | 0 | 55 | 45 | 117.00 | 3 | 5 |
Literature - American Literature | 1 | 4 | 1 | 0 | 50 | 25 | 101.60 | 1 | 5 |
Fine Arts - Auditory Fine Arts | 0 | 5 | 1 | 1 | 45 | 87 | 122.80 | 1 | 5 |
History - American History | 0 | 4 | 0 | 2 | 40 | 72 | 113.00 | 0 | 4 |
Beliefs | 0 | 4 | 1 | 0 | 35 | 82 | 112.25 | 1 | 4 |
Other Arts: Auditory | 0 | 3 | 0 | 0 | 30 | 128 | 139.00 | 2 | 3 |
Literature - British Literature | 0 | 4 | 2 | 0 | 30 | 92 | 133.75 | 0 | 4 |
Philosophy | 1 | 1 | 0 | 0 | 25 | 36 | 56.00 | 1 | 2 |
History - European History | 0 | 3 | 1 | 2 | 25 | 113 | 125.00 | 0 | 3 |
History - World History | 0 | 2 | 0 | 1 | 20 | 126 | 126.50 | 0 | 2 |
Current Events | 0 | 2 | 0 | 0 | 20 | 96 | 107.00 | 2 | 2 |
Other Arts: Visual | 0 | 1 | 0 | 0 | 10 | 132 | 132.00 | 0 | 1 |
Other Academic | 0 | 1 | 1 | 0 | 5 | 93 | 93.00 | 0 | 1 |
British and Commonwealth History | 0 | 1 | 1 | 0 | 5 | 113 | 113.00 | 1 | 1 |
Science - Physics | 0 | 0 | 0 | 0 | 0 | | 0.00 | 0 | 0 |
Social Science | 0 | 0 | 1 | 0 | -5 | | 0.00 | 0 | 0 |